书目信息 |
| 题名: |
机电基本知识
|
|
| 作者: | ;煤炭工业部书刊编辑室 编辑 | |
| 分册: | ||
| 出版信息: | 北京 中国工业出版社 1965.01 |
|
| 页数: | 151页 | |
| 开本: | 20cm | |
| 丛书名: | ||
| 单 册: | ||
| 中图分类: | TM301 | |
| 科图分类: | ||
| 主题词: | 电机 | |
| 电子资源: | ||
| ISBN: | ||
| 000 | 00609nam0 2200193 450 | |
| 001 | 0655674312 | |
| 005 | 20061121153034.50 | |
| 010 | @dCNY0.50 | |
| 100 | @a20061121d1965 km y0chiy0120 ea | |
| 101 | 0 | @achi |
| 102 | @aCN@b110000 | |
| 200 | 1 | @a机电基本知识@Aji dian ji ben zhi shi@f煤炭工业部书刊编辑室编辑@Fmei tan gong ye bu shu kan bian ji shi bian ji |
| 210 | @a北京@c中国工业出版社@d1965.01@h1970.07 | |
| 215 | @a151页@d20cm | |
| 606 | 0 | @a电机 |
| 690 | @aTM301@v3 | |
| 711 | 0 | @a煤炭工业部书刊编辑室@Amei tan gong ye bu shu kan bian ji shi@4编辑 |
| 801 | 0 | @aCN@bPFT@c20061121 |
| 905 | @a10447@dTM301@e12 | |
| 机电基本知识/煤炭工业部书刊编辑室编辑.-北京:中国工业出版社,1965.01(1970.07) |
| 151页;20cm |
| ISBN :CNY0.50 |
| ● |
| 相关链接 |
|
|
|
|
正题名:机电基本知识
索取号:TM301/12
 
预约/预借
| 序号 | 登录号 | 条形码 | 馆藏地/架位号 | 状态 | 备注 |
| 1 | 0015862 | 001344842 | 第二样本阅览室/ [索取号:TM301/12] | 在馆 |